La guerra de la independencia en Galicia / (Record no. 121665)

MARC details
000 -LEADER
campo de control de longitud fija 00504nam a2200157 4500
001 - NÚMERO DE CONTROL
campo de control 121665
003 - IDENTIFICADOR DE NÚMERO DE CONTROL
campo de control ES-MaACL
005 - FECHA Y HORA DE LA ÚLTIMA TRANSACCIÓN
campo de control 20230906191809.0
007 - CAMPO FIJO DE DESCRIPCIÓN FÍSICA--INFORMACIÓN GENERAL
campo de control de longitud fija t|
008 - DATOS DE LONGITUD FIJA--INFORMACIÓN GENERAL
campo de control de longitud fija 070214s1964 sp r ||||1| spa d
100 1# - ENTRADA PRINCIPAL--NOMBRE DE PERSONA
Nombre de persona Portela Pazos, Salustiano.
9 (RLIN) 93211
245 13 - MENCIÓN DEL TÍTULO
Título La guerra de la independencia en Galicia /
Mención de responsabilidad, etc. Salustiano Portela Pazos.
260 ## - PUBLICACIÓN, DISTRIBUCIÓN, ETC.
Lugar de publicación, distribución, etc. Santiago de Compostela :
Nombre del editor, distribuidor, etc. [s.n.],
Fecha de publicación, distribución, etc. 1964 (
Fabricante Tip. Seminario Conciliar)
300 ## - DESCRIPCIÓN FÍSICA
Extensión 240 p. :
Otras características físicas il. ;
Dimensiones 24 cm.
852 ## - LOCALIZACIÓN
Ubicación ES-MaACL
Número de control de estantería C-27177
Sublocalización o colección R.55050
Holdings
Estatus retirado Estado de pérdida Estado de daño No para préstamo Biblioteca de origen Biblioteca actual Ubicación en estantería Fecha de adquisición Fuente de adquisición Total de préstamos Signatura topográfica completa Código de barras Visto por última vez Precio de reemplazo Tipo de ítem Koha
        Biblioteca del Ateneo de Madrid Biblioteca del Ateneo de Madrid Depósito 2 17/01/2008     C-27177 1126790 23/02/2023 23/02/2023 Libro impreso